Catálogo
 En Linea
Vista normal Vista MARC

Entrada Nombre geográfico

Número de registros utilizados en: 1

001 - NÚMERO DE CONTROL

  • campo de control: 82158

003 - IDENTIFICADOR DEL NÚMERO DE CONTROL

  • campo de control: DO-SdBNP

005 - FECHA Y HORA DE LA ÚLTIMA TRANSACCIÓN

  • campo de control: 20220804103014.0

008 - DATOS DE LONGITUD FIJA

  • campo de control de longitud fija: 220804|| aca||aabn | a|a d

040 ## - FUENTE DE LA CATALOGACIÓN

  • Centro catalogador/agencia de origen: DO-SdBNP
  • Centro/agencia transcriptor: DO-SdBNP

151 ## - ENCABEZAMIENTO--NOMBRE GEOGRÁFICO

  • Nombre geográfico: Servicio Nacional de Protección Ambiental (República Dominicana)
  • Subdivisión general: Sistema de Gestión Institucional

670 ## - FUENTE DE DATOS ENCONTRADOS

  • Cita de la fuente: Work cat.: (DO-SdBNP)52267: República Dominicana Servicio Nacional de Protección Ambiental 82157, Servicio nacional de protección ambiental (policia ambiental):, [200?]

Con tecnología Koha